[Event "Politiken Cup 2011"]
[Site "Helsingor"]
[Date "2011.07.30"]
[Round "1.1"]
[White "Nielsen, Peter Heine"]
[Black "Ambrosanio, Raffaele"]
[Result "1-0"]
[WhiteElo "2681"]
[BlackElo "1967"]
[PlyCount "49"]
[EventDate "2011.??.??"]
[WhiteTeam "Skanderborg"]
[BlackTeam "A.S Mebs Sana Siena"]

1. d4 Nf6 2. c4 g6 3. Nc3 Bg7 4. e4 d6 5. Nf3 O-O 6. Be2 e5 7. O-O Nc6 8. d5
Ne7 9. b4 Nh5 10. Re1 f5 11. Ng5 Nf4 12. Bxf4 exf4 13. Rc1 Rf6 14. c5 Kh8 15.
Bc4 h6 16. Nf3 fxe4 17. Nxe4 Rf5 18. Bb3 Rh5 19. Qe2 Nf5 20. Ned2 Bd7 21. c6
bxc6 22. dxc6 Bc8 23. Qe8+ Qxe8 24. Rxe8+ Kh7 25. Bg8+ 1-0

[Event "Politiken Cup 2011"]
[Site "Helsingor"]
[Date "2011.07.30"]
[Round "1.2"]
[White "Brobakken, Geir"]
[Black "Bu, Xiangzhi"]
[Result "0-1"]
[WhiteElo "1966"]
[BlackElo "2675"]
[PlyCount "68"]
[EventDate "2011.??.??"]
[WhiteTeam "Hamar"]
[BlackTeam "Shangdon"]

1. e4 c5 2. b3 d6 3. Bb2 Nf6 4. Nc3 e6 5. Nf3 a6 6. g3 b5 7. d3 Bb7 8. Bg2 Be7
9. O-O O-O 10. Qd2 Qc7 11. a4 b4 12. Nd1 d5 13. exd5 Nxd5 14. Ne5 Bf6 15. f4
Nc6 16. Nxc6 Bxc6 17. Bxf6 Nxf6 18. Ne3 Rad8 19. Bxc6 Qxc6 20. Qg2 Qc7 21. Nc4
Rd5 22. Rae1 g6 23. Re2 Rfd8 24. Qf3 Kg7 25. Rfe1 Ng8 26. Qg2 Ne7 27. Ne5 Nf5
28. Re4 h6 29. g4 Nd4 30. h4 Qe7 31. f5 Qf6 32. fxe6 Rxe5 33. Rxe5 Nf3+ 34. Kh1
Qxh4+ 0-1

[Event "Politiken Cup 2011"]
[Site "Helsingor"]
[Date "2011.07.30"]
[Round "1.4"]
[White "Andersen, Daniel"]
[Black "Fridman, Daniel"]
[Result "0-1"]
[WhiteElo "1963"]
[BlackElo "2659"]
[PlyCount "36"]
[EventDate "2011.??.??"]
[WhiteTeam "Frederiksund"]
[BlackTeam "Mulheim"]

1. c4 Nf6 2. Nc3 e6 3. g3 d5 4. d4 c5 5. cxd5 cxd4 6. Qxd4 Nc6 7. Qa4 exd5 8.
Nf3 d4 9. Nb1 d3 10. e3 Bb4+ 11. Bd2 Qd5 12. Bg2 Bg4 13. Nh4 Bxd2+ 14. Nxd2 Qd7
15. Nhf3 O-O 16. O-O b5 17. Qf4 Nd5 18. Ne5 Nxf4 0-1

[Event "Politiken Cup 2011"]
[Site "Helsingor"]
[Date "2011.07.30"]
[Round "1.5"]
[White "Gustafsson, Jan"]
[Black "Johansen, Stian"]
[Result "1-0"]
[WhiteElo "2634"]
[BlackElo "1961"]
[PlyCount "55"]
[EventDate "2011.??.??"]
[BlackTeam "Moss"]

1. d4 Nf6 2. Nf3 g6 3. c4 Bg7 4. Nc3 d6 5. e4 O-O 6. Be2 e5 7. Be3 Nc6 8. d5
Ne7 9. Nd2 Nd7 10. b4 f5 11. f3 f4 12. Bf2 g5 13. c5 Nf6 14. Nc4 Ne8 15. a4 Ng6
16. Rc1 Nh4 17. Rg1 h5 18. cxd6 cxd6 19. Nb5 a6 20. Nb6 Rb8 21. Na3 g4 22. fxg4
f3 23. gxf3 hxg4 24. Nxc8 Rxc8 25. Rxc8 Nxf3+ 26. Bxf3 Qxc8 27. Bxg4 Qc3+ 28.
Kf1 1-0

[Event "Politiken Cup 2011"]
[Site "Helsingor"]
[Date "2011.07.30"]
[Round "1.6"]
[White "Knudsen, Jes West"]
[Black "Kurnosov, Igor"]
[Result "0-1"]
[WhiteElo "1960"]
[BlackElo "2633"]
[PlyCount "80"]
[EventDate "2011.??.??"]
[WhiteTeam "Allerød"]

1. e4 c5 2. b4 cxb4 3. Bb2 d5 4. exd5 Nf6 5. Bb5+ Bd7 6. Bc4 b5 7. Bb3 a5 8. a3
Na6 9. Nf3 a4 10. Ba2 bxa3 11. Nxa3 Nb4 12. O-O Nxa2 13. Bxf6 gxf6 14. Rxa2 Bg7
15. Rb2 O-O 16. Rb4 Qb6 17. c3 Qc5 18. Re1 Qxd5 19. Rxe7 Rfe8 20. Rd4 Qb3 21.
Rxe8+ Bxe8 22. Nc2 a3 23. Rb4 Qxc2 24. Qxc2 a2 25. Nd4 a1=Q+ 26. Rb1 Qa2 27.
Qe4 Bd7 28. Rf1 Rf8 29. Qb7 Bc8 30. Qxb5 Ba6 31. Qb1 Qxd2 32. Re1 Qxc3 33. Nf5
Bd3 34. Ne7+ Kh8 35. Re3 Bxb1 36. Rxc3 Rd8 37. h4 Bf8 38. Rc7 Re8 39. Nd5 Re1+
40. Kh2 Bd6+ 0-1

[Event "Politiken Cup 2011"]
[Site "Helsingor"]
[Date "2011.07.30"]
[Round "1.8"]
[White "Schmitt, Carsten"]
[Black "Savchenko, Boris"]
[Result "0-1"]
[WhiteElo "1959"]
[BlackElo "2615"]
[PlyCount "80"]
[EventDate "2011.??.??"]
[WhiteTeam "SV Bergwinkel"]

1. c4 e5 2. g3 Nc6 3. Bg2 f5 4. Nc3 g6 5. e3 Bg7 6. d3 d6 7. Nge2 Nge7 8. O-O
O-O 9. Rb1 g5 10. f4 Ng6 11. Nd5 gxf4 12. exf4 a5 13. a3 Nce7 14. b4 axb4 15.
axb4 c6 16. Nxe7+ Qxe7 17. b5 Bd7 18. bxc6 Bxc6 19. Qb3 exf4 20. Bxc6 bxc6 21.
Nxf4 Ne5 22. d4 Ng4 23. d5 Qe4 24. Ne6 Qe2 25. Rb2 Bxb2 26. Qxb2 Qxb2 27. Bxb2
Rfb8 28. Bg7 cxd5 29. cxd5 Ra2 30. h3 Ne3 31. Rc1 Rg2+ 32. Kh1 Rxg3 33. Bd4
Rxh3+ 34. Kg1 Nxd5 35. Kf2 h6 36. Rg1+ Kf7 37. Ng7 Ra8 38. Nxf5 Ra2+ 39. Ke1
Rb3 40. Nxh6+ Ke6 0-1

[Event "Politiken Cup 2011"]
[Site "Helsingor"]
[Date "2011.07.30"]
[Round "1.9"]
[White "Hammer, Jon Ludvig"]
[Black "Jacobsen, Fredrik Beer"]
[Result "1-0"]
[WhiteElo "2610"]
[BlackElo "1956"]
[PlyCount "63"]
[EventDate "2011.??.??"]
[BlackTeam "Stavanger"]

1. e4 c5 2. Nf3 Nc6 3. Bb5 e6 4. Bxc6 bxc6 5. O-O d5 6. Qe2 Nf6 7. Nc3 Be7 8.
b3 O-O 9. Re1 a5 10. Ba3 c4 11. Bxe7 Qxe7 12. bxc4 Ba6 13. d3 dxc4 14. d4 Nd7
15. Qe3 Rfd8 16. Ne5 Nxe5 17. dxe5 Qc7 18. Qc5 Rd2 19. Re2 Rad8 20. g3 h6 21.
Rb1 Rxe2 22. Nxe2 Rd2 23. Nd4 Qd7 24. c3 Bb5 25. a4 Bxa4 26. Rb8+ Kh7 27. Qf8
Rd1+ 28. Kg2 Rxd4 29. Qh8+ Kg6 30. Rg8 Rxe4 31. Qxg7+ Kf5 32. Qf6# 1-0

[Event "Politiken Cup 2011"]
[Site "Helsingor"]
[Date "2011.07.30"]
[Round "1.10"]
[White "Kyrkjebo, Erlend"]
[Black "Hess, Robert L"]
[Result "0-1"]
[WhiteElo "1953"]
[BlackElo "2609"]
[PlyCount "52"]
[EventDate "2011.??.??"]
[WhiteTeam "Stavanger"]

1. e4 c5 2. Nf3 d6 3. d4 cxd4 4. Nxd4 Nf6 5. Nc3 a6 6. Bg5 Bd7 7. f4 Nc6 8. Qd2
e6 9. O-O-O Be7 10. Rg1 Qb6 11. Nf3 O-O-O 12. f5 Ne5 13. Be3 Qc7 14. h3 exf5
15. Qf2 fxe4 16. Nxe5 dxe5 17. Bb6 Qc6 18. Bxd8 Bc5 19. Qd2 Rxd8 20. Rh1 h6 21.
Qe2 Bd4 22. Qc4 e3 23. Qxc6+ Bxc6 24. Bc4 Bxg2 25. Rhg1 e2 26. Rxg2 Be3+ 0-1

[Event "Politiken Cup 2011"]
[Site "Helsingor"]
[Date "2011.07.30"]
[Round "1.12"]
[White "Hess, Peter"]
[Black "Berg, Emanuel"]
[Result "0-1"]
[WhiteElo "1948"]
[BlackElo "2604"]
[PlyCount "60"]
[EventDate "2011.??.??"]
[BlackTeam "OSS"]

1. e4 e6 2. d4 d5 3. Nd2 Nf6 4. Bd3 c5 5. dxc5 dxe4 6. Nxe4 Nxe4 7. Bxe4 Qxd1+
8. Kxd1 Bxc5 9. Be3 Bxe3 10. fxe3 Nd7 11. Ne2 Ne5 12. Bd3 b6 13. Kd2 Bb7 14.
Rhg1 O-O-O 15. Nd4 Kb8 16. a4 Rd5 17. Be4 Nc4+ 18. Kc3 Rc5 19. b4 Rcc8 20. Bxb7
Kxb7 21. Kd3 e5 22. Nb3 Nb2+ 23. Ke4 Rc4+ 24. Kf3 Rxc2 25. a5 Rhc8 26. axb6
axb6 27. Rac1 Nd3 28. Rxc2 Rxc2 29. Ke4 Nxb4 30. Kxe5 Rc3 0-1

[Event "Politiken Cup 2011"]
[Site "Helsingor"]
[Date "2011.07.30"]
[Round "1.13"]
[White "Tikkanen, Hans"]
[Black "Hinrichs, Jan"]
[Result "1-0"]
[WhiteElo "2596"]
[BlackElo "1947"]
[PlyCount "79"]
[EventDate "2011.??.??"]
[BlackTeam "Hamburger Schachklub"]

1. c4 c5 2. g3 e6 3. Bg2 Nf6 4. Nf3 d5 5. O-O Nc6 6. e3 Be7 7. b3 O-O 8. Bb2
Ne8 9. cxd5 exd5 10. d4 Bg4 11. dxc5 Bxc5 12. Nc3 Nc7 13. Ne2 Ne6 14. Qd3 Qd7
15. a3 f6 16. b4 Bb6 17. h3 Bh5 18. Nh4 Rad8 19. Rfd1 Ne7 20. Rd2 Qe8 21. Nd4
Bxd4 22. Bxd4 g5 23. Nf3 Nc6 24. Qb3 Bxf3 25. Bxf3 Ncxd4 26. exd4 Qd7 27. Re1
Nc7 28. Rde2 Rf7 29. Bh5 Rg7 30. Kh2 h6 31. a4 Qd6 32. Bg4 Rf8 33. Bf5 Rff7 34.
Be6 Nxe6 35. Rxe6 Qd7 36. b5 Kh7 37. Qb4 Qc7 38. Rd6 Rd7 39. Qb1+ Kg8 40. Rxf6
1-0

[Event "Politiken Cup 2011"]
[Site "Helsingor"]
[Date "2011.07.30"]
[Round "1.14"]
[White "Justinussen, Sigurd B"]
[Black "Hansen, Sune Berg"]
[Result "0-1"]
[WhiteElo "1944"]
[BlackElo "2574"]
[PlyCount "104"]
[EventDate "2011.??.??"]
[BlackTeam "Helsingør"]

1. e4 d6 2. d4 Nf6 3. Bd3 g6 4. Nf3 Bg7 5. O-O O-O 6. c3 Nc6 7. Bg5 e5 8. Nbd2
h6 9. Bxf6 Qxf6 10. dxe5 dxe5 11. Qb3 Nd8 12. Nc4 Qe7 13. Ne3 Ne6 14. Nd5 Qd8
15. Be2 c6 16. Ne3 Nf4 17. Rfe1 Qe7 18. Rad1 Nxe2+ 19. Rxe2 Be6 20. Qa4 a5 21.
c4 Qc5 22. Qc2 a4 23. Red2 Rfe8 24. Ne1 h5 25. Nd3 Qa5 26. Ne1 Bh6 27. Rd3 Rad8
28. Nf3 Rxd3 29. Rxd3 Ra8 30. Nf1 Qc5 31. b3 axb3 32. axb3 f6 33. Qd1 Kf7 34.
h3 Ra2 35. Ne3 Qa3 36. Nf1 Ra1 37. Qe2 Ra2 38. N3d2 Qc1 39. Rd8 Qc2 40. Qd3
Qxd3 41. Rxd3 Bf8 42. Kh2 Bc5 43. Kg3 Ke7 44. f4 exf4+ 45. Kxf4 g5+ 46. Kf3 g4+
47. hxg4 Bxg4+ 48. Kf4 Be2 49. Rh3 Ke6 50. Rh1 Bg4 51. Nf3 Rxg2 52. Ng3 Bd6+
0-1

[Event "Politiken Cup 2011"]
[Site "Helsingor"]
[Date "2011.07.30"]
[Round "1.15"]
[White "Ruck, Robert"]
[Black "Lyngsjo, Hakan"]
[Result "1-0"]
[WhiteElo "2569"]
[BlackElo "1943"]
[PlyCount "53"]
[EventDate "2011.??.??"]

1. Nf3 Nf6 2. c4 g6 3. Nc3 d5 4. Qa4+ c6 5. cxd5 Nxd5 6. g3 Bg7 7. Bg2 O-O 8.
O-O Nd7 9. d4 N7b6 10. Qc2 Bg4 11. Rd1 Bxf3 12. Bxf3 Re8 13. Qb3 Nxc3 14. bxc3
e5 15. e3 Qc7 16. Rb1 Kh8 17. a4 Rad8 18. a5 Nd5 19. Qxb7 Qxb7 20. Rxb7 Nxc3
21. Rd3 exd4 22. Rxa7 dxe3 23. Rxe3 Bd4 24. Rxe8+ Rxe8 25. Rd7 Ne2+ 26. Bxe2
Rxe2 27. Bh6 1-0

[Event "Politiken Cup 2011"]
[Site "Helsingor"]
[Date "2011.07.30"]
[Round "1.17"]
[White "Radulski, Julian"]
[Black "Bjorneboe, Kristian"]
[Result "1-0"]
[WhiteElo "2556"]
[BlackElo "1941"]
[PlyCount "55"]
[EventDate "2011.??.??"]
[BlackTeam "Helsingør"]

1. e4 c6 2. d4 d5 3. e5 Bf5 4. c4 e6 5. Nc3 Nd7 6. Nf3 Ne7 7. h3 dxc4 8. Bxc4
Nd5 9. O-O Be7 10. Qe2 N7b6 11. Bb3 Nxc3 12. bxc3 O-O 13. c4 h6 14. Rd1 Qc7 15.
Bb2 a5 16. Rac1 a4 17. Bc2 Bxc2 18. Rxc2 Qb8 19. Rb1 Qa7 20. Bc1 Qa6 21. Be3
Nd7 22. d5 Rab8 23. dxe6 fxe6 24. Nd4 Nxe5 25. Nxe6 Rf7 26. Bf4 Nd7 27. Rd1
Rbf8 28. Rxd7 1-0

[Event "Politiken Cup 2011"]
[Site "Helsingor"]
[Date "2011.07.30"]
[Round "1.18"]
[White "Krokay, Urszula"]
[Black "Rapport, Richard"]
[Result "0-1"]
[WhiteElo "1940"]
[BlackElo "2545"]
[PlyCount "78"]
[EventDate "2011.??.??"]
[WhiteTeam "Oksir Wiznia Mala"]

1. e4 c5 2. Nf3 d6 3. c3 Nf6 4. h3 Nc6 5. Bd3 d5 6. e5 Nd7 7. Bb5 e6 8. O-O a6
9. Bxc6 bxc6 10. d3 Be7 11. Re1 h5 12. Qa4 Bb7 13. Qf4 h4 14. Qg4 Nf8 15. c4 d4
16. Bg5 f5 17. exf6 gxf6 18. Bxh4 Bc8 19. Bg3 Kf7 20. Nbd2 Ng6 21. Nh2 Bd7 22.
Qf3 Kg7 23. Ne4 Qf8 24. Qe2 f5 25. Nxc5 Bxc5 26. Be5+ Nxe5 27. Qxe5+ Kg8 28.
Nf3 Bd6 29. Qxd4 c5 30. Qe3 Qg7 31. d4 cxd4 32. Nxd4 Re8 33. Rad1 f4 34. Qd3
Bb4 35. Re2 Rh7 36. a3 Bc5 37. Nb3 Bc6 38. g3 Rxh3 39. Re4 Rxg3+ 0-1

[Event "Politiken Cup 2011"]
[Site "Helsingor"]
[Date "2011.07.30"]
[Round "1.19"]
[White "Danielsen, Henrik"]
[Black "Christensen, Casper"]
[Result "1-0"]
[WhiteElo "2535"]
[BlackElo "1937"]
[PlyCount "71"]
[EventDate "2011.??.??"]
[WhiteTeam "BMS"]
[BlackTeam "BMS"]

1. d4 Nf6 2. c4 g6 3. g3 Bg7 4. Bg2 c5 5. Nf3 d6 6. Nc3 Qb6 7. d5 Bg4 8. O-O
Bxf3 9. exf3 O-O 10. Re1 Re8 11. b3 Qd8 12. Bb2 a6 13. f4 b5 14. cxb5 Qa5 15.
Bf1 Nbd7 16. bxa6 Nb6 17. Rb1 Rac8 18. Bb5 Nfd7 19. Qd3 Bf6 20. a4 Rc7 21. Re2
c4 22. bxc4 Nc5 23. Qc2 Rec8 24. Ne4 Bxb2 25. Nxc5 Rxc5 26. Qxb2 Nxc4 27. Bxc4
Rxc4 28. Rxe7 Qxa6 29. Rbe1 Rf8 30. Re8 Rc8 31. Rxf8+ Rxf8 32. Qb5 Qc8 33. Qc6
Qxc6 34. dxc6 Rc8 35. Rc1 Kf8 36. Kf1 1-0

[Event "Politiken Cup 2011"]
[Site "Helsingor"]
[Date "2011.07.30"]
[Round "1.20"]
[White "Zachariassen, John"]
[Black "Petrov, Marijan"]
[Result "0-1"]
[WhiteElo "1936"]
[BlackElo "2534"]
[PlyCount "68"]
[EventDate "2011.??.??"]
[WhiteTeam "Enkeltmedlem"]

1. c4 g6 2. Nf3 Bg7 3. g3 e5 4. d3 c6 5. Bg2 d5 6. Qc2 Ne7 7. Nbd2 O-O 8. O-O
a5 9. Rb1 f5 10. b3 e4 11. Ne1 Nd7 12. e3 b5 13. f3 Bh6 14. dxe4 dxe4 15. fxe4
Bxe3+ 16. Kh1 Nc5 17. cxb5 cxb5 18. a4 Nc6 19. axb5 Nb4 20. Qc4+ Be6 21. Qe2 f4
22. Bf3 Na2 23. Qg2 Rc8 24. Nc4 Bxc4 25. Qxa2 Bxf1 26. b4+ Nb3 27. Bxe3 fxe3
28. Qxb3+ Bc4 29. Qxe3 a4 30. b6 Rc6 31. Rc1 Bb5 32. Rc5 Qxb6 33. e5 Rxc5 34.
bxc5 Qe6 0-1

[Event "Politiken Cup 2011"]
[Site "Helsingor"]
[Date "2011.07.30"]
[Round "1.21"]
[White "Cmilyte, Viktorija"]
[Black "Rasmussen, Morten"]
[Result "1-0"]
[WhiteElo "2528"]
[BlackElo "1931"]
[PlyCount "62"]
[EventDate "2011.??.??"]
[WhiteTeam "Skanderborg"]
[BlackTeam "Skanderborg"]

1. d4 d5 2. c4 c6 3. Nc3 Nf6 4. Nf3 e6 5. Bg5 Be7 6. e3 Nbd7 7. Qc2 a6 8. cxd5
exd5 9. Bd3 O-O 10. O-O-O Re8 11. h3 Nf8 12. Bf4 g6 13. g4 Bd6 14. Bxd6 Qxd6
15. Kb1 Ne6 16. Na4 Re7 17. h4 Ng7 18. g5 Ne4 19. Ne5 Bf5 20. h5 Nxg5 21. Bxf5
Nxf5 22. Rdg1 Ne4 23. hxg6 fxg6 24. f3 Neg3 25. Rh3 Nxe3 26. Qh2 Nef1 27. Qf2
Qf6 28. Rhxg3 Qf5+ 29. Ka1 Nxg3 30. Qxg3 Rf8 31. Nc3 Qc2 1-0

[Event "Politiken Cup 2011"]
[Site "Helsingor"]
[Date "2011.07.30"]
[Round "1.22"]
[White "Raab, Hendrik"]
[Black "Romanishin, Oleg M"]
[Result "0-1"]
[WhiteElo "1927"]
[BlackElo "2526"]
[PlyCount "84"]
[EventDate "2011.??.??"]
[WhiteTeam "Sabt Frankfurter SV 1860"]

1. d4 Nf6 2. Nf3 g6 3. c4 d6 4. Nc3 Bg4 5. e4 Bxf3 6. Qxf3 Nc6 7. Be3 e5 8. d5
Nd4 9. Qd1 Bg7 10. Bxd4 exd4 11. Qxd4 O-O 12. Be2 Re8 13. Qd3 Nd7 14. O-O Nc5
15. Qc2 Bxc3 16. Qxc3 Nxe4 17. Qc2 Qf6 18. b4 a5 19. Bd3 Qd4 20. Rae1 Nf6 21.
Rd1 Qe5 22. a3 axb4 23. axb4 Ra3 24. Qd2 Qd4 25. Be2 Qxd2 26. Rxd2 Rb3 27. b5
Ne4 28. Rc2 Nc5 29. Ra1 Kg7 30. g3 f5 31. Kg2 Kf6 32. Bf1 g5 33. Rca2 f4 34.
gxf4 gxf4 35. Ra8 Rxa8 36. Rxa8 Ne4 37. Rf8+ Ke5 38. Rf7 f3+ 39. Rxf3 Rxf3 40.
Kxf3 Nd2+ 41. Kg2 Nxf1 42. Kxf1 Kd4 0-1

[Event "Politiken Cup 2011"]
[Site "Helsingor"]
[Date "2011.07.30"]
[Round "1.24"]
[White "Thybo, Jesper Sondergaard"]
[Black "Schandorff, Lars"]
[Result "1/2-1/2"]
[WhiteElo "1921"]
[BlackElo "2497"]
[PlyCount "102"]
[EventDate "2011.??.??"]
[WhiteTeam "Skive"]
[BlackTeam "Sydøstfyn"]

1. e4 c6 2. d4 d5 3. Nc3 dxe4 4. Nxe4 Bf5 5. Ng3 Bg6 6. h4 h6 7. h5 Bh7 8. Nf3
Nd7 9. Bd3 Bxd3 10. Qxd3 e6 11. Bf4 Qa5+ 12. Bd2 Bb4 13. c3 Be7 14. c4 Qc7 15.
O-O-O Ngf6 16. Qe2 O-O 17. Kb1 a5 18. Bc1 Rfe8 19. Nf1 Bd6 20. g4 Nxg4 21. Rg1
f5 22. Ne5 Ndxe5 23. dxe5 Bc5 24. Rg2 Qxe5 25. Qxe5 Nxe5 26. Bxh6 Re7 27. Bg5
Rf7 28. Bf4 Nxc4 29. Rc1 b5 30. b3 Na3+ 31. Kb2 Bb4 32. h6 Kh7 33. hxg7 Rxg7
34. Rh2+ Kg8 35. Be5 Rh7 36. Rg2+ Kf7 37. Rxc6 Ra7 38. Nh2 Be7 39. f4 b4 40.
Nf3 Rh1 41. Rg7+ Ke8 42. Rg8+ Kd7 43. Rc1 Rxc1 44. Kxc1 Nb5 45. Bb8 Kc6 46.
Bxa7 Nxa7 47. Re8 Kd7 48. Ra8 Nc6 49. Ne5+ Nxe5 50. fxe5 Bd8 51. Ra6 Bc7
1/2-1/2

[Event "Politiken Cup 2011"]
[Site "Helsingor"]
[Date "2011.07.30"]
[Round "1.25"]
[White "Johannessen, Leif Erlend"]
[Black "Nielsen, Jens Holm"]
[Result "1-0"]
[WhiteElo "2496"]
[BlackElo "1920"]
[PlyCount "107"]
[EventDate "2011.??.??"]
[WhiteTeam "OSS"]
[BlackTeam "Amager"]

1. f4 f5 2. Nf3 Nf6 3. g3 b6 4. Bg2 Bb7 5. O-O g6 6. d3 Bg7 7. Nc3 O-O 8. e4 e6
9. Qe2 fxe4 10. Nxe4 Nxe4 11. dxe4 Ba6 12. c4 Nc6 13. e5 Na5 14. b3 Rb8 15. Ba3
Re8 16. Rfd1 Bf8 17. Bxf8 Rxf8 18. Qd2 Rf7 19. Ng5 Re7 20. Ne4 Kg7 21. Nf6 d6
22. Qc3 Rf7 23. Ne4 Kg8 24. exd6 c5 25. Bh3 Bc8 26. Ng5 Bd7 27. Nxf7 Kxf7 28.
Bg2 Rc8 29. Qe5 Nc6 30. Bxc6 Rxc6 31. Rd2 Qf6 32. Re1 Qf5 33. Qh8 Qf6 34. Qxh7+
Qg7 35. Qxg7+ Kxg7 36. g4 Kf6 37. Re5 Rc8 38. Kf2 Rh8 39. Kg3 Rh7 40. h4 Kf7
41. Rh2 a5 42. h5 gxh5 43. Rexh5 Rg7 44. Rh7 b5 45. Rxg7+ Kxg7 46. cxb5 Bxb5
47. Rh5 Be8 48. Rxc5 a4 49. d7 Bxd7 50. Rc7 axb3 51. Rxd7+ Kf6 52. axb3 e5 53.
Rd6+ Ke7 54. fxe5 1-0

[Event "Politiken Cup 2011"]
[Site "Helsingor"]
[Date "2011.07.30"]
[Round "1.74"]
[White "Hansen, Rolf Stig"]
[Black "Brynell, Stellan"]
[Result "0-1"]
[WhiteElo "1918"]
[BlackElo "2495"]
[PlyCount "72"]
[EventDate "2011.??.??"]
[WhiteTeam "AS04"]
[BlackTeam "Nordkalotten"]

1. d4 Nf6 2. Nf3 e6 3. Nc3 d5 4. Bf4 c5 5. e3 a6 6. Be2 Nc6 7. Ne5 Nxe5 8. Bxe5
Be7 9. Bf3 O-O 10. h4 b5 11. dxc5 Bxc5 12. Ne2 Bb7 13. Nd4 Rc8 14. g4 Nd7 15.
Bg3 Nb6 16. g5 Nc4 17. b3 Bb4+ 18. Kf1 Nd2+ 19. Kg2 Bc3 20. Be2 Ne4 21. f3 Nxg3
22. Kxg3 Bxa1 23. Qxa1 e5 24. Nf5 f6 25. f4 d4 26. Bd3 Bxh1 27. Qxh1 dxe3 28.
Qe4 g6 29. Nh6+ Kg7 30. fxe5 fxg5 31. Ng4 gxh4+ 32. Kh3 Qg5 33. Qb7+ Kh8 34.
Qd7 h5 35. Be2 hxg4+ 36. Bxg4 Rxc2 0-1

[Event "Politiken Cup 2011"]
[Site "Helsingor"]
[Date "2011.07.30"]
[Round "1.27"]
[White "Tandrup, Michael"]
[Black "Antonsen, Mikkel"]
[Result "0-1"]
[WhiteElo "1917"]
[BlackElo "2471"]
[PlyCount "62"]
[EventDate "2011.??.??"]
[WhiteTeam "Herlev"]
[BlackTeam "Næstvedj"]

1. d4 Nf6 2. c4 g6 3. Nc3 d5 4. Nf3 Bg7 5. Qb3 dxc4 6. Qxc4 O-O 7. Bf4 c6 8. e3
b5 9. Qb3 Be6 10. Qc2 Qa5 11. Be2 b4 12. Qa4 Qb6 13. Nb1 c5 14. Qb5 Nbd7 15.
O-O Nd5 16. Bg3 cxd4 17. Qxb6 N7xb6 18. Nxd4 Bxd4 19. exd4 Rac8 20. Bd3 Bf5 21.
Bxf5 gxf5 22. Nd2 Rc2 23. Nb3 Rxb2 24. Nc5 a5 25. a3 Rd2 26. axb4 axb4 27. Rfd1
Rxd1+ 28. Rxd1 Ra8 29. f3 Ra2 30. Bf2 Nc4 31. g3 Nd2 0-1

[Event "Politiken Cup 2011"]
[Site "Helsingor"]
[Date "2011.07.30"]
[Round "1.28"]
[White "Arnold, Marc T"]
[Black "Pedersen, Lars Foldager"]
[Result "1-0"]
[WhiteElo "2445"]
[BlackElo "1916"]
[PlyCount "71"]
[EventDate "2011.??.??"]
[WhiteTeam "Marshall Chess Club"]
[BlackTeam "Frederiksberg"]

1. Nf3 f5 2. e4 fxe4 3. Ng5 Nf6 4. d3 d6 5. dxe4 Bg4 6. f3 Bh5 7. Bc4 c6 8. Nc3
Nbd7 9. Ne6 Qc8 10. O-O Ne5 11. Bb3 Bf7 12. Nd4 Bxb3 13. axb3 Nf7 14. f4 e5 15.
Nf5 g6 16. Ne3 Be7 17. f5 a6 18. Ng4 gxf5 19. Nxf6+ Bxf6 20. Rxf5 Qe6 21. Qf3
Ke7 22. Be3 Raf8 23. Nd5+ cxd5 24. exd5 e4 25. Qf2 Qc8 26. Rxf6 Ne5 27. Rxf8
Qxf8 28. Qh4+ Kd7 29. Qxe4 Qg7 30. Qb4 Kc8 31. Qxd6 Rg8 32. g3 Nf3+ 33. Kg2
Nh4+ 34. Kh1 Re8 35. Ra5 Qg4 36. Rc5# 1-0

[Event "Politiken Cup 2011"]
[Site "Helsingor"]
[Date "2011.07.30"]
[Round "1.29"]
[White "Hansen, Verner"]
[Black "Blomqvist, Erik"]
[Result "0-1"]
[WhiteElo "1915"]
[BlackElo "2438"]
[PlyCount "60"]
[EventDate "2011.??.??"]
[WhiteTeam "Espergærde"]
[BlackTeam "SK Rockaden"]

1. e4 c5 2. Nc3 Nc6 3. g3 g6 4. Bg2 Bg7 5. d3 d6 6. f4 e5 7. Nf3 Nge7 8. O-O
O-O 9. Be3 Nd4 10. Ne2 Nxf3+ 11. Bxf3 exf4 12. gxf4 Bxb2 13. Rb1 Bg7 14. Ng3
Rb8 15. Qd2 f5 16. Rfd1 b6 17. exf5 Nxf5 18. Bd5+ Kh8 19. Nxf5 Bxf5 20. Be4 Qe7
21. Bg2 Bf6 22. d4 Bxc2 23. Qxc2 Qxe3+ 24. Kh1 Bxd4 25. Rb3 Qxf4 26. Be4 Rbe8
27. Rf3 Qh4 28. Rdf1 Rxf3 29. Rxf3 Qe1+ 30. Kg2 Rxe4 0-1

[Event "Politiken Cup 2011"]
[Site "Helsingor"]
[Date "2011.07.30"]
[Round "1.30"]
[White "Andersen, Mads"]
[Black "Maagaard, David Bille"]
[Result "1-0"]
[WhiteElo "2422"]
[BlackElo "1906"]
[PlyCount "99"]
[EventDate "2011.??.??"]
[WhiteTeam "Skanderborg"]
[BlackTeam "Randers"]

1. e4 Nc6 2. Nf3 e5 3. Bb5 d6 4. d4 exd4 5. Nxd4 Nge7 6. Bg5 Bd7 7. Nc3 h6 8.
Be3 Ne5 9. Be2 Qc8 10. h3 N7c6 11. Nb3 Be6 12. Nd5 Be7 13. O-O f5 14. f4 Nf7
15. exf5 Bxf5 16. Nd4 Bd8 17. Nxf5 Qxf5 18. Bg4 Qe4 19. Qd2 O-O 20. Rae1 Qa4
21. b3 Qa5 22. c3 Ne7 23. Nxe7+ Bxe7 24. b4 Qa4 25. Bd1 Qd7 26. Qd3 Bf6 27. Bc2
Rfe8 28. c4 Re7 29. Bf2 a6 30. Rxe7 Qxe7 31. Re1 Qd7 32. Qe4 c6 33. Bb6 Kf8 34.
Qd3 Re8 35. Rxe8+ Qxe8 36. Bf2 Qe7 37. g3 Qe6 38. Kg2 Ke7 39. Bb3 Nd8 40. a4 c5
41. bxc5 dxc5 42. Bxc5+ Ke8 43. Bf2 Qc6+ 44. Kh2 Ne6 45. Bd1 Qd7 46. Bh5+ Kd8
47. Bb6+ Ke7 48. Qe2 Qc6 49. a5 Kf8 50. Bf3 1-0

[Event "Politiken Cup 2011"]
[Site "Helsingor"]
[Date "2011.07.30"]
[Round "1.31"]
[White "Fjellengen, Bard"]
[Black "Hendriks, Willy"]
[Result "0-1"]
[WhiteElo "1905"]
[BlackElo "2415"]
[PlyCount "92"]
[EventDate "2011.??.??"]
[WhiteTeam "Sarpsborg Sjakklubb"]
[BlackTeam "De Toren Arnhem"]

1. d4 g6 2. c4 Bg7 3. Nc3 d6 4. e4 Nf6 5. Nf3 O-O 6. Be2 Nbd7 7. O-O e5 8. dxe5
dxe5 9. Qc2 c6 10. a4 a5 11. b3 Re8 12. Ba3 Bf8 13. Bxf8 Nxf8 14. Rad1 Qb6 15.
Qd2 Bg4 16. Qb2 Bxf3 17. Bxf3 Ne6 18. Rb1 Nd4 19. Bd1 Nd7 20. b4 axb4 21. Qxb4
Qxb4 22. Rxb4 Nc5 23. f4 exf4 24. Rb6 g5 25. h4 h6 26. hxg5 hxg5 27. g3 fxg3
28. Kg2 Re7 29. Kxg3 f5 30. Rb2 Rf8 31. Rh2 fxe4 32. Rxf8+ Kxf8 33. Rd2 Nf5+
34. Kg4 Ne3+ 35. Kxg5 Nxc4 36. Rf2+ Ke8 37. Bh5+ Kd7 38. Re2 Re5+ 39. Kh4 Kc7
40. Bg6 Nd6 41. Kg4 Kb6 42. Kf4 Re6 43. Bh5 Ka5 44. Bg4 Re7 45. Ke3 Kb4 46. Rc2
Nc4+ 0-1

[Event "Politiken Cup 2011"]
[Site "Helsingor"]
[Date "2011.07.30"]
[Round "1.33"]
[White "Nielsen, Preben"]
[Black "Teplyi, Igor"]
[Result "0-1"]
[WhiteElo "1904"]
[BlackElo "2393"]
[PlyCount "54"]
[EventDate "2011.??.??"]
[WhiteTeam "Helsingør"]
[BlackTeam "Skanderborg"]

1. e4 c5 2. Nf3 d6 3. d4 cxd4 4. Nxd4 Nf6 5. f3 a6 6. c4 e6 7. Nc3 Be7 8. Be3
O-O 9. Nc2 Nc6 10. Qd2 Qc7 11. Qf2 Ne5 12. Bb6 Qc6 13. Nb4 Qe8 14. Rd1 d5 15.
Nc2 Nxc4 16. Bxc4 dxc4 17. Qd4 Qc6 18. Ne3 e5 19. Qxe5 Qxb6 20. Ned5 Nxd5 21.
Nxd5 Bh4+ 22. g3 Qa5+ 23. Ke2 Bd8 24. Ne7+ Kh8 25. Rd5 Qc7 26. Rxd8 Qxd8 27.
Rd1 Qe8 0-1

[Event "Politiken Cup 2011"]
[Site "Helsingor"]
[Date "2011.07.30"]
[Round "1.34"]
[White "Lindberg, Bengt"]
[Black "Rauramaa, Julius"]
[Result "1-0"]
[WhiteElo "2391"]
[BlackElo "1904"]
[PlyCount "43"]
[EventDate "2011.??.??"]
[WhiteTeam "Solna SS"]
[BlackTeam "Matinkylan Shakkikenho"]

1. e4 Nf6 2. e5 Nd5 3. d4 d6 4. Nf3 Bg4 5. Be2 e6 6. O-O Be7 7. c4 Nb6 8. Nc3
O-O 9. Be3 d5 10. c5 Bxf3 11. gxf3 Nc8 12. f4 Nc6 13. b4 Bh4 14. b5 N6e7 15.
Bd3 Nf5 16. Bxf5 exf5 17. Qf3 c6 18. a4 f6 19. Kh1 Qe8 20. bxc6 bxc6 21. Nxd5
fxe5 22. Nc7 1-0